Responses for show #6859 - Thursday, June 12, 2014

Contestants

Joe Keehnast, a web product manager from Chicago, Illinois

Katie Frank, a graduate student in communications studies from Poway, California

Darren O'Connor, a police officer from Norfolk, Virginia (whose 1-day cash winnings total $14,400)

Jeopardy! Round responses

THE MONTANAS, JOE & HELENA
POLITICIAN AUTHORS
OTHER LINES TO SING THE KIDS
(Alex: We want you to identify the song. We'll give you a lesser-known lyric from each song.)
ENDS WITH DOUBLE LETTERS
ANCIENT HISTORY
NOEL, COWARD
    $200 11
Notre Dame

Joe
    $200 6
Ronald Reagan

Katie
    $200 15
"Twinkle Twinkle Little Star"

Katie
    $200 18
ebb

Darren
    $200 1
(Katie: What is the Parthenon?)
...
(Alex: [*] is the hill; the Parthenon is one of the temples. Yes.)

the Acropolis

DarrenKatie
    $200 29
Apple

Joe
    $400 12
(Joe: Who is Athena?)

Lady Liberty

Joe
Triple Stumper
    $400 7
An Inconvenient Truth

Katie
    $400 16
"London Bridge (Is Falling Down)"

Katie
    $400 19
mitt

Katie
    $400 5
books

Joe
    $400 28
New Jersey Devils

Joe
    $600 13
the West Coast offense

Katie
    $600 8
Al Franken

Katie
    $600 17
"Baa Baa Black Sheep"

Joe
    $600 21
tariff

Darren
    $600 4
Mesopotamia

Joe
    $600 24
Saw

Katie
    $800 14
the prickly pear

Triple Stumper
    $1,000 9
Madeleine Albright

Katie
    $800 20
"Hush, Little Baby"

Joe
    $800 22
apogee

Triple Stumper
    $800 2
(Alex: Yes, Tutankhamun.)

Amun

Darren
    $800 26
(Joe: What is the Bureau of Labor and Statistics?)

Labor Statistics

KatieJoe
    $1000 30
(Joe: What is the Adirondack?)

Monongahela

KatieJoe
    $1000 10
(Darren: Who is Mitt Romney?)

Ron Paul

DarrenKatie
    $1000 25
"Michael Row The Boat Ashore"

Katie
    $1000 23
perigee

Darren
    $1000 3
Claudius

Darren
    $1000 27
ytterbium

Triple Stumper

Scores at the first commercial break (after clue 14):

Darren Katie Joe
$1,000 $3,600 $800

Scores at the end of the Jeopardy! Round:

Darren Katie Joe
$2,800 $8,000 $1,000

Double Jeopardy! Round responses

THE NATIONAL FILM REGISTRY
FINAL RESTING PLACES
MOUNTAINS
BIBLICAL REVELRY
SECURITY
____ IT
[Alex pronounces the category like "blanket".]
    $400 15
Ben-Hur

Katie
    $400 10
Liberace

Katie
    $400 5
Nepal

Joe
    $400 24
(Alex: Right, with less than a minute to go.)

Mount Sinai

Darren
    $800 16
The Matrix

Katie
    $800 11
John Hancock

Darren
    $800 6
Etna

Darren
    $800 23
Proverbs

Katie
    $800 28
[The end-of-round signal sounds.]

Homeland Security

Katie
    $800 2
rough it

Joe
    $1200 17
Jim Corbett

Darren
    $3,600 12
Edgar Rice Burroughs

Darren
    $1200 7
the Black Hills

Darren
    $2,000 20
Samson

Darren
    $1200 27
(Katie: Who is Thomas Jefferson?)

(Benjamin) Franklin

DarrenKatie
    $1200 1
Post-it

Joe
    $1600 18
A Christmas Story

Katie
    $1600 13
(Katie: Who is Captain Cook?)
...
(Alex: Who is [*]?--who used to treat the lepers.)

Father Damien

Katie
Triple Stumper
    $1600 8
Mount Hood

Joe
    $1600 21
mirth

Katie
    $1600 26
a lien

Triple Stumper
    $1600 3
lose it

Katie
    $2000 19
Bullitt

Darren
    $2000 14
Chopin

Joe
    $2000 9
(Darren: What are the Urals?)

the Caucasus

Darren
Triple Stumper
    $2000 22
Timothy

Katie
    $2000 25
Mossad

Darren
    $2000 4
kick it

Joe

Scores at the end of the Double Jeopardy! Round:

Darren Katie Joe
$16,000 $15,200 $9,000

[wagering suggestions for these scores]

Final Jeopardy! Round responses

CURRENT TELEVISION
(Alex: [To Joe] Wait a minute. "Basically just a soap opera", George Romero. It's not that much of a horror, is it, The Bachelor?)
...
(Alex: [To Katie] George Romero directed the film Night of the Living Dead.)
JoeWhat is The Bachelor?
$6,400
KatieWhat is The Walking Dead?
$15,000
DarrenWhat is The Walking Dead?
$4,000
The Walking Dead

Final scores:

Darren Katie Joe
$20,000 $30,200 $2,600
2nd place: $2,000 New champion: $30,200 3rd place: $1,000

Game dynamics:

Coryat scores:

Darren Katie Joe
$12,800 $15,000 $9,000
16 R
(including 2 DDs),
2 W
22 R
(including 1 DD),
3 W
13 R,
3 W

Combined Coryat: $36,800

The J! Archive is created by fans, for fans. The Jeopardy! game show and all elements thereof, including but not limited to copyright and trademark thereto, are the property of Jeopardy Productions, Inc. and are protected under law. This website is not affiliated with, sponsored by, or operated by Jeopardy Productions, Inc. Join the discussion at JBoard.tv.